| 000 | 00544cam a22002172a 4500 | ||
|---|---|---|---|
| 001 | 017737 | ||
| 003 | AR-FADEU | ||
| 008 | 311216n2004####xxu####################dd | ||
| 020 | _a950-520-20-1568-1 | ||
| 092 |
_aD346.982 _bB727-21 |
||
| 100 | _aBorda, Guillermo A. | ||
| 245 | _aManual de derecho civil : parte general | ||
| 250 | _a21a. ed | ||
| 260 | _aBuenos Aires | ||
| 260 | _bAbeledo Perrot | ||
| 260 | _c2004 | ||
| 300 | _a573 p | ||
| 500 | _aInv. 13330. Texto de sala | ||
| 650 | _aDERECHO CIVIL ARGENTINO | ||
| 942 | _cBDGR | ||
| 999 |
_c23484 _d23484 |
||